Measurmenet of Inflation Forecast Targeting a Proposal of Methodological Solution
Metodické riešenie merania cieľa prognózy inflácie (IFT - inflation forecast targeting). Guttmanova stupnica pre transparentnosť.
Saved in:
| Main Author: | |
|---|---|
| Format: | Book Chapter |
| Language: | English |
| Subjects: | |
| Tags: |
No Tags, Be the first to tag this record!
|
MARC
| LEADER | 00000naa a2200000 4500 | ||
|---|---|---|---|
| 001 | 0242446 | ||
| 005 | 20220719115520.5 | ||
| 041 | 0 | |a eng | |
| 044 | |a CZ | ||
| 245 | 1 | 0 | |a Measurmenet of Inflation Forecast Targeting a Proposal of Methodological Solution |c Magdalena Szyszko |
| 520 | |a Metodické riešenie merania cieľa prognózy inflácie (IFT - inflation forecast targeting). Guttmanova stupnica pre transparentnosť. | ||
| 610 | 2 | 0 | |a prognózy hospodárske |
| 610 | 2 | 0 | |a prognózy |
| 610 | 2 | 0 | |a inflácia |
| 610 | 2 | 0 | |a meranie |
| 610 | 2 | 0 | |a politika menová |
| 610 | 2 | 0 | |a transparentnosť |
| 610 | 2 | 0 | |a indexy |
| 610 | 2 | 0 | |a indexy hodnotové |
| 100 | 1 | |a Szyszko, Magdalena | |